Sports Quiz

Random Sports Quiz

Czy pamiętasz kogo pokonaliśmy w pucharach? Quiz Stats

 Plays Quiz not verified by Sporcle

Support Sporcle.
Go Orange.
Score 0/112 Timer 20:00
0 Plays Today
Podpowiedź Nazwa klubu % Correct
10/11, Lech, faza grupowa LE. (Anglia)Manchester City
69%
03/04, Groclin, II runda LE. (Anglia)Manchester City
69%
16/17, Legia, faza grupowa LM. (Portugalia)Sporting
62.2%
02/03, Wisła, II runda LE. (Niemcy)Schalke
61%
08/09, Lech, play-off LE. (Austria)Austria
58.8%
02/03, Wisła, III runda LE. (Włochy)Parma
58.6%
11/12, Legia, play-off LE. (Rosja)Spartak
54.9%
17/18, Jagiellonia, I runda LE. (Gruzja)Dinamo
45.1%
00/01, Polonia, kwalifikacje LM. (Rumunia)Dinamo
43.9%
16/17, Legia, IV runda LM. (Irlandia)Dundalk
43.4%
18/19, Jagiellonia, II runda LE. (Portugalia)Rio Ave
42.5%
11/12, Legia, faza grupowa LE. (Rumunia)Rapid
39.2%
10/11, Lech, faza grupowa LE. (Austria)Salzburg
38.2%
13/14, Śląsk, III runda LE. (Belgia)Club Brugge
38.1%
11/12, Wisła, faza grupowa LE. (Anglia)Fulham
37.2%
16/17, Zagłębie, II rund LE. (Serbia)Partizan
36.5%
19/20, Legia, I runda LE. (Gibraltar)Europa
36.2%
10/11, Lech, II runda LM. (Azerbejdżan)Inter
35.6%
11/12, Śląsk, II runda LE. (Szkocja)Dundee United
35.5%
00/01, Wisła, I runda LE. (Hiszpania)Saragossa
35.3%
10/11, Lech, play-off LE. (Ukraina)Dnipro
34.7%
19/20, Legia, III runda LE. (Grecja)Atromitos
34%
14/15, Legia, faza grupowa. (Turcja)Trabzonspor
33.7%
06/07, Wisła, faza grupowa LE. (Szwajcaria)Basel
32.4%
15/16, Lech, faza grupowa LE. (Włochy)Fiorentina
32.1%
08/09, Lech, faza grupowa LE. (Holandia)Feyenoord
31.6%
11/12, Wisła, faza grupowa LE. (Holandia)Twente
31.4%
03/04, Groclin, I runda LE. (Niemcy)Hertha
30.9%
11/12, Legia, faza grupowa LE. (Izrael)Hapoel
30.4%
18/19, Legia, I runda LM. (Irlandia)Cork
30.1%
13/14, Legia, III runda LM. (Norwegia)FK Molde
30%
11/12, Wisła, II runda LM. (Łotwa)Skonto
28.3%
01/02, Wisła, I runda LM. (Łotwa)Skonto
28.3%
14/15, Ruch, II runda LE. (Liechtenstein)Vaduz
27.9%
00/01, Amica, kwalifikacje LE. (Liechtenstein)Vaduz
27.9%
03/04, Wisła, II runda LM. (Cypr)Omonia
27.6%
02/03, Legia, I runda LE. (Holandia)Utrecht
26.7%
11/12, Wisła, faza grupowa LE. (Dania)Odense
26.6%
Podpowiedź Nazwa klubu % Correct
11/12, Wisła, III runda LM. (Bułgaria)Litex
25.3%
19/20, Legia, II runda LE. (Finlandia)KuPS
24.9%
18/19, Lech, I runda LE. (Białoruś)Szachcior
23.5%
08/09, Wisła, II runda LM. (Izrael)Beitar
23.1%
16/17, Legia, III runda LM. (Słowacja)Trencin
22.5%
15/16, Lech, II runda LM. (Bośnia)Sarajewo
22.4%
10/11, Ruch, I runda LE. (Kazachstan)Szachtior
22.3%
14/15, Legia, faza grupowa. (Ukraina)Metalist
21.7%
00/01, Ruch, kwalifikacje LE. (Litwa)Żalgiris
21.7%
16/17, Zagłębie, I runda LE. (Bułgaria)Sławia
21.2%
12/13, Śląsk, II runda LM. (Czarnogóra)FK Budocnost
20.4%
09/10, Polonia. I runda LE. (Czarnogóra)Budocnost
20.4%
11/12, Śląsk, III runda LE. (Bułgaria)Łokomotiw
20.3%
02/03, Legia, II runda LM. (Macedonia)Vardar
20.1%
17/18, Legia, II runda LM. (Finlandia)IFK
19.9%
15/16, Lech, play-off LE. (Węgry)Videoton
19.8%
15/16, Legia, play-off LE. (Ukraina)Zoria
18.9%
01/02, Wisła, I runda LE. (Chorwacja)Hajduk
18.8%
08/09, Lech, II runda LE. (Szwajcaria)Grasshopper
18.6%
06/07, Wisła, play-off LE. (Grecja)Iraklis
18.3%
14/15, Legia, faza grupowa. (Belgia)Lokeren
17.9%
13/14, Legia, faza grupowa. (Cypr)Apollon
17.1%
03/04, Wisła, I runda LE. (Holandia)NEC
16.3%
09/10, Legia, II runda LE. (Gruzja)Olimpi
15.8%
15/16, Legia, faza grupowa LE. (Dania)Midtjylland
14.1%
16/17, Legia, II runda LM. (Bośnia)Zrijnski
13.7%
13/14, Legia, II runda LM. (Walia)New Saints
13.5%
15/16, Legia, III runda LE. (Albania)Kukesi
11.7%
14/15, Legia, play-off LE. (Kazachstan)Aktobe
11.5%
02/03, Amica, I runda LE. (Walia)TNS
11.4%
01/02, Polonia, kwalifikacje LE. (Walia)TNS
11.4%
04/05, Legia, II runda LE. (Gruzja)SK Tbilisi
10.8%
04/05, Amica, play-off LE. (Łotwa)Ventspils
10.8%
14/15, Legia, II runda LM. (Irlandia)St Patrick
10.7%
13/14, Lech, II runda LE. (Finlandia)Honka
10.6%
12/13, Ruch, II runda LE. (Macedonia)Metalurg
10.4%
08/09, Legia, I runda LE. (Białoruś)Homel
10.2%
12/13, Lech, II runda LE. (Azerbejdżan)Hazar
9.8%
Podpowiedź Nazwa klubu % Correct
08/09, Lech, I runda LE. (Azerbejdżan)Hazar
9.8%
10/11, Ruch, II runda LE. (Malta)Valletta
9.7%
04/05, Amica, II runda LE. (Węgry)Honved
9.6%
02/03, Wisła, kwalifikacje LE. (Irlandia P.)Glentoran
9.5%
02/03, Amica, II runda LE. (Szwajcaria)Servette
9.2%
15/16, Legia, II runda LE. (Rumunia)Botosani
9.2%
15/16, Śląsk, I runda LE. (Słowenia)Celje
9%
18/19, Lech, I runda LE. (Armenia)Gandzasar
8.9%
17/18, Lech, II runda LE. (Norwegia)Haugesund
8.2%
11/12, Legia, III runda LE. (Turcja)Gaziantepspor
8.1%
04/05, Wisła, II runda LM. (Gruzja)WIT
8%
14/15, Lech, II runda LE. (Estonia)Nomme
7.6%
10/11, Wisła, II runda LE. (Litwa)Siauliai
7.5%
12/13, Legia, III runda LE. (Austria)Ried
7.4%
14/15, Ruch, III runda LE. (Dania)Esbjerg
7.1%
06/07, Wisła, II runda LE. (Austria)Mattersburg
7.1%
03/04, Groclin, kwal LE. (Litwa)Atlantas
7%
00/01, Wisła, kwalifikacje LE. (Bośnia)Zeljeznicar
6.9%
02/03, Wisła, I runda LE. (Słowenia)Primorje
6%
12/13, Lech, I runda LE. (Kazachstan)Żetysu
5.7%
01/02, Legia, I runda LE. (Szwecja)Elfsborg
5.6%
07/08, Groclin, II runda LE. (Kazachstan)Toboł
5.5%
09/10, Lech. III runda LE. (Norwegia)Fredrikstad
5.4%
18/19, Górnik, I runda LE. (Mołdawia)Zaria
5.3%
13/14, Śląsk, II runda LE. (Czarnogóra)Rudar
4.2%
17/18, Lech, I runda LE. (Macedonia)FK Pelister
4.1%
05/06, Groclin, II runda LE. (Słowacja)Dukla
3.8%
02/03, Polonia, I runda LE. (Malta)Sliema
3.8%
15/16, Jagiellonia, I runda LE. (Litwa)Kruoja
3.7%
09/10, Polonia, II runda LE. (San Marino)Juvenes
3.6%
12/13, Legia, II runda LE. (Łotwa)Liepajas
3.6%
06/07, Legia, II runda LM. (Islandia)Hafnafjordur
3.2%
00/01, Amica, I runda LE. (Rosja)Ałanija
3%
01/02, Legia, kwalifikacje LE. (Luksemburg)Etzella
2.8%
07/08, Bełchatów, I runda LE. (Gruzja)Ameri
2.4%
07/08, Groclin, I runda LE. (Azerbejdżan)Araz
2%

You're not logged in!

Compare scores with friends on all Sporcle quizzes.
OR
Log In

From the Vault

European Car Manufacturers

by bortoluka

Getting these all correct will make Euro day.
Remove Ads.
Support Sporcle.
Get the best of Sporcle when you Go Orange. This ad-free experience offers more features, more stats, and more fun while also helping to support Sporcle. Thank you for becoming a member.

Show Comments

Extras

Created May 22, 2020ReportNominate

Top Quizzes Today


Score Distribution

Your Account Isn't Verified!

In order to create a playlist on Sporcle, you need to verify the email address you used during registration. Go to your Sporcle Settings to finish the process.

Report this User

Report this user for behavior that violates our Community Guidelines.

Details: